00523cam a22002171 4500001001300000003000400013005001700017008004100034010001700075035002000092040001800112042001200130050002200142100002700164245003300191260001800224300001900242500001400261500001300275999001700288sa 67005317 DLC20260227112356.0891030t19671966ii 000 1 hino  asa 67005317  a(OCoLC)20572141 aDLCcWaUdDLC apremarc00aPK2098.39.I57bS91 aSinha, Shuresh,d1940-10aSubaha an̐dhere patha para. c[1967, c1966] a416 p.c19 cm. aIn Hindi. aA novel. c75113d75113